Análisis y aplicación del PCGE modificado concordado con las NIIF (Registro nro. 22109)

Detalles MARC
000 -Cabecera
Campo de control interno 00945nam a2200229Ia 4500
005 - Fecha y hora del registro
control field 20260416153932.0
008 - Elementos de Longitud Fija
fixed length control field 260320s9999||||xx |||||||||||||| ||und||
020 ## - ISBN
ISBN 9786123226565
041 ## - Idioma
Codigo Idioma ESP
082 ## - DEWEY y NOTACIÓN INTERNA
Dewey 657.61
Notación Interna F43A
100 ## - AUTOR
Autor denominación Ferrer Quea, Alejandro,
Término de relación autor
245 #0 - TÍTULO DE MATERIAL BIBLIOGRÁFICO
Título Análisis y aplicación del PCGE modificado concordado con las NIIF
250 ## - EDICIÓN
Edición Primera edición
260 ## - CIUDAD, EDITORIAL, AÑO
Ciudad Lima :
Nombre de la Editorial Instituto Pacífico,
Año 2026
300 ## - DESCRIPCIÓN
N° Páginas 863 páginas :
Otros detalles cuadros ;
Dimensiones 25 cm.
650 ## - TEMAS
Temas Tecnología (Ciencias Aplicadas)
653 ## - DESCRIPTORES
Lenguajes no controlado Contabilidad; Estados financieros; Plan contable general; Normas Internacionales de Información Financiera (NIIF)
654 ## - PROGRAMAS
Programa Dpto. de Contabilidad
856 ## - URL - UBICACIÓN
URI/URL: Enlace exacto del recurso <a href="https://0u213t5ev-y-https-ebooks7--24-com.itmsp.museknowledge.com/visorBook.aspx?i=46821&t=D3F09568-5372-4155-AE42-0157DC3F0005">https://0u213t5ev-y-https-ebooks7--24-com.itmsp.museknowledge.com/visorBook.aspx?i=46821&t=D3F09568-5372-4155-AE42-0157DC3F0005</a>
Nota pública: Versión digital <a href="Véase además: NIIF esenciales. Comprensión y aplicación de los estándares. Versión digital">Véase además: NIIF esenciales. Comprensión y aplicación de los estándares. Versión digital</a>
942 ## - ELEMENTOS DE KOHA
Tipo de documento Libro
Nombre del creador Justo Noguera
Código de catalogador Tania Ramirez
Esquema de clasificación Dewey Decimal Classification
Existencias
Codigo completo Registro Colección Copia número Disponibilidad Tipo de préstamo Biblioteca Actual Procedencia (Biblioteca) Ubicacón Fecha Ingreso Tipo de Adquisición Observación Date last seen Total checkouts Price effective from Tipo de Item Estado del Material Fuente de Clasificación Damaged status Withdrawn status
657.61 F43A 1088204 Universidad Católica San Pablo 1 Disponible Disponible Víctor Andrés Belaunde Víctor Andrés Belaunde Primer piso 10/03/2026 Suscripción Contabilidad 20/03/2026   20/03/2026 Libro Bueno Dewey Decimal Classification